[Event "CRO-chTB (Women)"]
[Site "Pula"]
[Date "2002.09.22"]
[Round "?"]
[White "Dembo, Yelena"]
[Black "Mihalincic, Irena"]
[Result "1-0"]
[WhiteElo "2369"]
[BlackElo "2046"]
[PlyCount "87"]
[EventDate "2002.09.16"]
[EventType "team"]
[EventRounds "6"]
[EventCountry "CRO"]
[SourceTitle "CBM 090 Extra"]
[Source "ChessBase"]
[SourceDate "2002.11.07"]
[SourceVersion "1"]
[SourceVersionDate "2002.11.07"]
[SourceQuality "1"]

1. e4 e5 2. Nf3 Nc6 3. d4 exd4 4. Nxd4 Bc5 5. Nxc6 Qf6 6. Qd2 Qxc6 7. Bd3 Ne7 8. 0-0 0-0 9. b4 Bd4 10. c3 Bf6 11. b5 Qb6 12. Qe2 Ng6 13. Be3 Qa5 14. f4 d6 15. Rc1 c6 16. bxc6 bxc6 17. Nd2 c5 18. Nc4 Qc7 19. Rab1 Re8 20. Qh5 Be6 21. Bd2 Rad8 22. Re1 Rb8 23. Rb3 Rxb3 24. axb3 Qd7 25. h3 Rb8 26. f5 Bxc4 27. Bxc4 Ne5 28. Bd5 Qe7 29. Ra1 g6 30. Qh6 Bg7 31. Qf4 c4 32. bxc4 Rb2 33. Be3 gxf5 34. exf5 Qf6 35. Qg5 Qxg5 36. Bxg5 Nd3 37. f6 Bf8 38. Rxa7 Ne5 39. Ra8 Rb1+ 40. Kh2 Ng6 41. Bh6 Rf1 42. Bg7 Re1 43. Bf3 Re5 44. Bd1 1-0

[Event "CRO-chTB (Women)"]
[Site "Pula"]
[Date "2002.09.16"]
[Round "?"]
[White "Mihalincic, Irena"]
[Black "Lakos, Nikoletta"]
[Result "0-1"]
[WhiteElo "2046"]
[BlackElo "2287"]
[PlyCount "53"]
[EventDate "2002.09.16"]
[EventType "team"]
[EventRounds "6"]
[EventCountry "CRO"]
[SourceTitle "CBM 090 Extra"]
[Source "ChessBase"]
[SourceDate "2002.11.07"]
[SourceVersion "1"]
[SourceVersionDate "2002.11.07"]
[SourceQuality "1"]

1. e4 c5 2. Nc3 Nc6 3. g3 g6 4. Bg2 Bg7 5. d3 d6 6. Be3 Nd4 7. Qd2 Qa5 8. h3 Rb8 9. f4 e6 10. Nf3 Ne7 11. 0-0 Nec6 12. a3 0-0 13. Bf2 b5 14. g4 Nxf3+ 15. Bxf3 Nd4 16. Bg2 f5 17. Bh4 Re8 18. Kh2 Qc7 19. Bf2 Bd7 20. gxf5 gxf5 21. exf5 Nxf5 22. Be4 Rf8 23. Rg1 Kh8 24. Rg4 Be8 25. Rag1 Bg6 26. h4 d5 27. Bxf5 0-1

[Event "CRO-chTB (Women)"]
[Site "Pula"]
[Date "2001.09.11"]
[Round "2"]
[White "Raguz, Ivanka"]
[Black "Mihalincic, Irena"]
[Result "0-1"]
[WhiteElo "2052"]
[BlackElo "2085"]
[PlyCount "60"]
[EventDate "2001.09.09"]
[EventType "team"]
[EventRounds "5"]
[EventCountry "CRO"]
[SourceTitle "EXT 2002"]
[Source "ChessBase"]
[SourceDate "2001.11.25"]
[SourceVersion "1"]
[SourceVersionDate "2001.11.25"]
[SourceQuality "1"]

1. e4 e5 2. Nf3 Nc6 3. d4 exd4 4. c3 d5 5. e5 dxc3 6. bxc3 Bc5 7. Bg5 Nge7 8. Nbd2 h6 9. Bh4 Bg4 10. Qb3 Bb6 11. 0-0-0 Qd7 12. Bb5 a6 13. e6 Bxe6 14. Ne5 Qd6 15. Bxe7 Kxe7 16. Bxc6 bxc6 17. f4 Bc5 18. g4 Rhb8 19. Qa4 Ba3+ 20. Kc2 Rb2+ 21. Kd3 c5 22. Rb1 c4+ 23. Ke2 f6 24. Nc6+ Kf7 25. Rxb2 Bxg4+ 26. Nf3 Bxb2 27. Qc2 Re8+ 28. Nce5+ fxe5 29. fxe5 Qxe5+ 30. Kf2 Qe3+ 0-1

[Event "CRO-chT (Women)"]
[Site "Pula"]
[Date "2000.09.16"]
[Round "6"]
[White "Mihalincic, Irena"]
[Black "Cosma, Elena Luminita"]
[Result "0-1"]
[WhiteElo "2097"]
[BlackElo "2360"]
[PlyCount "98"]
[EventDate "2000.09.??"]
[EventType "team"]
[EventRounds "9"]
[EventCountry "CRO"]
[SourceTitle "CBM 078 Extra"]
[Source "ChessBase"]
[SourceDate "2000.11.10"]
[SourceVersion "1"]
[SourceVersionDate "2000.11.10"]
[SourceQuality "1"]

1. e4 e6 2. d4 d5 3. Nd2 Nf6 4. e5 Nfd7 5. Bd3 c5 6. c3 Nc6 7. Ne2 cxd4 8. cxd4 Nb6 9. 0-0 Bd7 10. Nf3 h6 11. Ng3 Rc8 12. Be3 Nb4 13. Bb1 Qc7 14. a3 Nc2 15. Bxc2 Qxc2 16. Qxc2 Rxc2 17. b3 f5 18. Rfc1 Rxc1+ 19. Bxc1 Be7 20. a4 Kf7 21. Ba3 Bxa3 22. Rxa3 Rc8 23. Ra1 Rc2 24. Rb1 Nc8 25. Kf1 Ne7 26. Ke1 b5 27. axb5 Bxb5 28. Nd2 Nc6 29. Ne2 Bxe2 30. Kxe2 Nxd4+ 31. Kd3 Ra2 32. Kxd4 Rxd2+ 33. Ke3 Ra2 34. Rc1 g5 35. Rc7+ Kg6 36. Re7 f4+ 37. Kd4 Rd2+ 38. Kc5 Rxf2 39. Kd6 Rxg2 40. Rxe6+ Kh5 41. Rf6 Re2 42. e6 Kg4 43. e7 f3 44. Rxh6 d4 45. h3+ Kg3 46. Rg6 f2 47. Rxg5+ Kf4 48. Rg4+ Kf3 49. Rxd4 f1Q 0-1

[Event "CRO-chT (Women)"]
[Site "Pula"]
[Date "2000.09.12"]
[Round "2"]
[White "Macek, Vlasta"]
[Black "Mihalincic, Irena"]
[Result "1-0"]
[WhiteElo "2277"]
[BlackElo "2097"]
[PlyCount "78"]
[EventDate "2000.09.??"]
[EventType "team"]
[EventRounds "9"]
[EventCountry "CRO"]
[SourceTitle "CBM 078 Extra"]
[Source "ChessBase"]
[SourceDate "2000.11.10"]
[SourceVersion "1"]
[SourceVersionDate "2000.11.10"]
[SourceQuality "1"]

1. d4 Nf6 2. Nf3 g6 3. g3 Bg7 4. Bg2 d6 5. 0-0 0-0 6. c4 Nbd7 7. Nc3 e5 8. e4 a6 9. h3 b5 10. cxb5 axb5 11. Re1 Bb7 12. Bg5 c6 13. a3 Re8 14. Qc2 h6 15. Be3 exd4 16. Nxd4 Ne5 17. f4 Nc4 18. Bf2 Nd7 19. Rad1 Ndb6 20. e5 d5 21. g4 Qd7 22. e6 fxe6 23. b3 Qf7 24. bxc4 Nxc4 25. a4 b4 26. Nce2 c5 27. Nb5 Rac8 28. Rf1 Ba6 29. Ng3 Bxb5 30. axb5 Na3 31. Qa4 Ra8 32. Qb3 Nxb5 33. Bxc5 Ra3 34. Qxb4 Rxg3 35. Qxb5 Rc3 36. f5 gxf5 37. gxf5 Bf8 38. Bxf8 Qxf8 39. fxe6 Qe7 1-0

[Event "CRO-chT (Women)"]
[Site "Pula"]
[Date "2000.09.11"]
[Round "1"]
[White "Mihalincic, Irena"]
[Black "Stevanec, Lea"]
[Result "1-0"]
[WhiteElo "2097"]
[BlackElo "2103"]
[PlyCount "105"]
[EventDate "2000.09.??"]
[EventType "team"]
[EventRounds "9"]
[EventCountry "CRO"]
[SourceTitle "CBM 078 Extra"]
[Source "ChessBase"]
[SourceDate "2000.11.10"]
[SourceVersion "1"]
[SourceVersionDate "2000.11.10"]
[SourceQuality "1"]

1. e4 c5 2. Nc3 e6 3. g3 Nc6 4. Bg2 Nge7 5. d3 g6 6. f4 Bg7 7. Nf3 0-0 8. Be3 d6 9. 0-0 Rb8 10. Qd2 b5 11. a3 a5 12. Bf2 Bd7 13. Nd1 Nd4 14. Nxd4 cxd4 15. g4 Qc7 16. Bh4 f6 17. c3 Nc6 18. f5 g5 19. Bf2 dxc3 20. bxc3 Ne5 21. Ne3 Kh8 22. Kh1 Rfc8 23. Rfc1 Qd8 24. Bg3 Qe7 25. Ra2 Nc6 26. d4 exf5 27. Nd5 Qf8 28. gxf5 a4 29. Qe2 Nxd4 30. Qd3 Nb3 31. Rd1 Nc5 32. Qd4 Be8 33. Nb4 Nb7 34. Na6 Ra8 35. Nb4 Bh5 36. Re1 Rc4 37. Qd5 Qf7 38. Qxb5 Rxc3 39. e5 Bf3 40. Bxf3 Rxf3 41. e6 Qe7 42. Qd7 Re8 43. Qxe7 Rxe7 44. Nd5 Bf8 45. Nxe7 Bxe7 46. Rb2 Rb3 47. Rxb3 axb3 48. Bf2 d5 49. Rb1 Na5 50. Bb6 Nc4 51. Rxb3 Nxa3 52. Bd8 Bxd8 53. Rb8 1-0

[Event "Wch U20 Girls"]
[Site "Zagan"]
[Date "1997.07.14"]
[Round "1"]
[White "Mihalincic, Irena"]
[Black "Lomineishvili, Maia"]
[Result "0-1"]
[WhiteElo "2075"]
[BlackElo "2385"]
[PlyCount "62"]
[EventDate "1997.07.14"]
[EventType "swiss"]
[EventRounds "13"]
[EventCountry "POL"]
[SourceTitle "CBM 059 Extra"]
[Source "ChessBase"]
[SourceDate "1997.09.26"]
[SourceVersion "1"]
[SourceVersionDate "1997.09.26"]
[SourceQuality "1"]

1. e4 c5 2. Nc3 Nc6 3. g3 g6 4. Bg2 Bg7 5. d3 d6 6. f4 e6 7. Nf3 Nge7 8. 0-0 0-0 9. Be3 Rb8 10. a4 a6 11. Qd2 b5 12. axb5 axb5 13. Bf2 Qb6 14. Rfd1 Nd4 15. Nh4 b4 16. Na4 Qb5 17. Nf3 Nxf3+ 18. Bxf3 Ra8 19. e5 Rxa4 20. Rxa4 Qxa4 21. exd6 Nf5 22. c3 bxc3 23. bxc3 Qa3 24. Rc1 Nxd6 25. Bg2 Rd8 26. Qc2 Nb5 27. Be1 Ba6 28. Bf2 Nc7 29. Bf1 Nd5 30. Bg2 Rb8 31. Bxd5 exd5 0-1

[Event "Zadar op (Women)"]
[Site "Zadar"]
[Date "1997.??.??"]
[Round "6"]
[White "Sulc, Gordana"]
[Black "Mihalincic, Irena"]
[Result "0-1"]
[WhiteElo "2020"]
[BlackElo "2075"]
[PlyCount "148"]
[EventDate "1997.12.??"]
[EventType "swiss"]
[EventRounds "9"]
[EventCountry "CRO"]
[SourceTitle "EXT 1999"]
[Source "ChessBase"]
[SourceDate "1998.11.16"]
[SourceVersion "1"]
[SourceVersionDate "1998.11.16"]
[SourceQuality "1"]

1. e4 e5 2. Nf3 Nc6 3. Bb5 a6 4. Ba4 Nf6 5. 0-0 Nxe4 6. d4 b5 7. Bb3 d5 8. dxe5 Be6 9. Nbd2 Nc5 10. c3 d4 11. Ng5 Qxg5 12. Qf3 0-0-0 13. Bxe6+ fxe6 14. Qxc6 Qxe5 15. Nf3 Qd5 16. Qxd5 exd5 17. cxd4 Ne4 18. Be3 Bd6 19. Rac1 Kb7 20. Rc2 h6 21. Ne1 g5 22. f3 Nf6 23. Nd3 g4 24. Ne5 Rh7 25. Nxg4 Ng8 26. f4 h5 27. Ne5 Nf6 28. Rf3 Ne4 29. Bf2 Rf8 30. g3 h4 31. Rb3 hxg3 32. hxg3 Rfh8 33. a4 b4 34. Nd3 a5 35. Kg2 Rh2+ 36. Kf3 R8h3 37. Nc1 Nxg3 38. Bxg3 Rxc2 39. Kg4 Rh8 40. Nd3 Rg8+ 41. Kf3 Rd2 42. Bh4 Rh8 43. Kg3 Rg8+ 44. Kf3 Rg1 45. Nc5+ Bxc5 46. dxc5 Rh1 47. Kg4 Rg2+ 48. Bg3 Rb1 49. f5 Rh1 50. f6 Rh8 51. Kf5 Rf8 52. Rf3 Kc6 53. Bf4 Kd7 54. c6+ Kxc6 55. Bh6 Rd8 56. b3 Rd7 57. Bf8 d4 58. Be7 Re2 59. f7 Rexe7 60. f8Q Rf7+ 61. Ke4 Rxf8 62. Rxf8 d3 63. Rf6+ Kb7 64. Rf1 d2 65. Rd1 Kc6 66. Ke3 Kc5 67. Ke2 Rd6 68. Ke3 Re6+ 69. Kd3 Rd6+ 70. Ke3 Rd4 71. Ke2 Kd5 72. Ke3 c5 73. Rxd2 Rxd2 74. Kxd2 Kd4 0-1

[Event "CRO-chT2"]
[Site "Medulin"]
[Date "1997.??.??"]
[Round "?"]
[White "Videkovic, Marina"]
[Black "Mihalincic, Irena"]
[Result "0-1"]
[WhiteElo "2085"]
[BlackElo "2030"]
[PlyCount "58"]
[EventDate "1997.??.??"]
[EventType "team"]
[EventRounds "9"]
[EventCountry "CRO"]
[SourceTitle "EXT 1999"]
[Source "ChessBase"]
[SourceDate "1998.11.16"]
[SourceVersion "1"]
[SourceVersionDate "1998.11.16"]
[SourceQuality "1"]

1. d4 Nf6 2. c4 g6 3. Nc3 Bg7 4. Nf3 d6 5. g3 Nbd7 6. Bg2 0-0 7. 0-0 e5 8. e4 Re8 9. d5 Nc5 10. Qc2 a5 11. h3 Bd7 12. Be3 Qc8 13. Kh2 Nh5 14. Nh4 f5 15. exf5 gxf5 16. Qd1 Nf6 17. Bxc5 dxc5 18. Re1 Ra6 19. Na4 Bf8 20. Nc3 Kh8 21. Qd2 Ng8 22. Nf3 e4 23. Ng5 Rg6 24. Nf7+ Kg7 25. Ng5 Qd8 26. Rad1 Qxg5 27. Qxg5 Rxg5 28. h4 Rg6 29. Bh3 Nf6 0-1

[Event "Wch U20 Girls"]
[Site "Halle"]
[Date "1995.??.??"]
[Round "1"]
[White "Majigsuren, Dovdon"]
[Black "Mihalincic, Irena"]
[Result "1-0"]
[WhiteElo "2155"]
[BlackElo "2030"]
[PlyCount "81"]
[EventDate "1995.09.??"]
[EventType "swiss"]
[EventRounds "13"]
[EventCountry "GER"]
[SourceTitle "EXT 1997"]
[Source "ChessBase"]
[SourceDate "1996.11.15"]
[SourceVersion "1"]
[SourceVersionDate "1996.11.15"]
[SourceQuality "1"]

1. e4 e5 2. Nf3 Nc6 3. Bb5 a6 4. Bxc6 dxc6 5. 0-0 Bd6 6. d4 Bg4 7. dxe5 Bxf3 8. Qxf3 Bxe5 9. Nd2 Qd6 10. h3 b5 11. Nb3 Nf6 12. c3 0-0 13. Qe3 Bh2+ 14. Kh1 Nh5 15. Qf3 Qe5 16. Nd4 Bf4 17. Nxc6 Qg5 18. Bxf4 Nxf4 19. Rad1 Ng6 20. Rd5 Qf4 21. Qxf4 Nxf4 22. Rd7 Rfe8 23. f3 f5 24. Ne7+ Kf8 25. Nxf5 g6 26. Nh6 Re7 27. Rfd1 Ke8 28. Rxe7+ Kxe7 29. Kg1 c5 30. Ng4 c4 31. Nf2 Rc8 32. Rd2 Rc5 33. g3 Nh5 34. Kh2 a5 35. Ng4 Ng7 36. Ne3 Ne6 37. Nd5+ Kf7 38. h4 g5 39. hxg5 Nxg5 40. Kg2 Ke6 41. Nf4+ 1-0

[Event "Zadar op (Women)"]
[Site "Zadar"]
[Date "1995.??.??"]
[Round "?"]
[White "Mihalincic, Irena"]
[Black "Misanovic, Vesna"]
[Result "1/2-1/2"]
[WhiteElo "2030"]
[BlackElo "2360"]
[PlyCount "20"]
[EventDate "1995.12.??"]
[EventType "swiss"]
[EventRounds "9"]
[EventCountry "CRO"]
[SourceTitle "EXT 1998"]
[Source "ChessBase"]
[SourceDate "1997.11.17"]
[SourceVersion "1"]
[SourceVersionDate "1997.11.17"]
[SourceQuality "1"]

1. e4 e5 2. Nf3 Nc6 3. Bc4 Nf6 4. d3 Be7 5. 0-0 0-0 6. Nc3 d6 7. h3 h6 8. Be3 Re8 9. Qd2 Bf8 10. Rfe1 Bd7 1/2-1/2